000 00860cac a2200253 a 4500
003 CO-PeBPM
005 20250825120456.0
008 231129e1980||||xx |||||||||||||| ||spa||
020 _a8482770411
040 0 _aCO-PeBPM
_bspa
_cCO-PeBPM
_erda
041 0 _aspa
082 0 4 _a301.4494 M963g
100 1 _aMuñoz V,Cecilia
_eautor
245 1 0 _aGamines Testimonios
_cCecilia Muñoz.
250 _aPrimera Edición
260 _aBogotá, Colombia
_bCarlos Valencia Editores
_c1980
300 _a138 Páginas
_c; 20.5 centímetros
490 _aJorge Ortega Torres-Colección
650 1 4 _aNiños en situación de calle -- Relatos personales
_2LEMB
650 1 4 _aNiños vagabundos -- Colombia
_2LEMB
650 1 4 _aProblemas sociales -- Colombia
_2LEMB
700 _aXimena Pachón C.
_eSegundo autor
942 _2ddc
_cBK
999 _c14339
_d14339